Music Quiz

Random Music Quiz

Boyz II Men Legacy Album Quiz Stats

 Plays Quiz not verified by Sporcle

Challenge
Share
Tweet
Embed
Score 0/13 Timer 04:00
0 Plays Today
Song Title % Correct
End Of The Road
85%
I'll Make Love To You
81.7%
On Bended Knee
78.3%
A Song For Mama
76.7%
Motownphilly
73.3%
Water Runs Dry
73.3%
One Sweet Day
66.7%
It's So Hard To Say Goodbye To Yesterday
53.3%
Hey Lover
43.3%
Doin' Just Fine
40%
Pass You By
38.3%
In The Still Of The Nite
26.7%
4 Seasons Of Lonliness
18.3%

You're not logged in!

Compare scores with friends on all Sporcle quizzes.
OR
Log In

You Might Also Like...

Show Comments

Extras

Created Jan 21, 2013ReportNominate
Tags:legacy, motown, philly, soul

Top Quizzes Today


Score Distribution

Your Account Isn't Verified!

In order to create a playlist on Sporcle, you need to verify the email address you used during registration. Go to your Sporcle Settings to finish the process.

Report this User

Report this user for behavior that violates our Community Guidelines.

Details: